| 000 | 00407pab a2200145 454500 | ||
|---|---|---|---|
| 008 | 180718b2017 xxu||||| |||| 00| 0 eng d | ||
| 100 | _aHall, Jeremy L. | ||
| 245 | _aEvidence-based practice: challenging the rational wisdom | ||
| 260 | _c2017 | ||
| 300 | _ap.730-743. | ||
| 362 | _aSep | ||
| 650 | _aPerformance management | ||
| 773 | _aInternational Journal of Public Administration | ||
| 909 | _a116055 | ||
| 999 |
_c116049 _d116049 |
||